000
00290nam a2200109Ia 4500
005
20251222114345.0
008
251222s1900||||xx |||||||||||||| ||spa||
082
_a
DVD0092/C76
245
0
_a
Cultura moderna y postmoderna.
264
_b
Consorcio de centros educativos católicos.
942
_c
DVD
999
_c
1011
_d
1011